| 000 | 00456nam a22001937a 4500 | ||
|---|---|---|---|
| 003 | OSt | ||
| 008 | 250125b |||||||| |||| 00| 0 eng d | ||
| 020 | _a9789354667961 | ||
| 082 | _a668.55 PRC | ||
| 100 | _aPreeti | ||
| 245 | _aCosmetic Science | ||
| 250 | _a1st | ||
| 260 |
_aNew Delhi _bBSP Pub. |
||
| 300 | _axii,274 | ||
| 650 | _aPharmaceutical Dosage form /Cosmetic | ||
| 700 | _aNarwal, Sonia | ||
| 700 | _aAgarwal, Gaurav | ||
| 942 |
_2ddc _cBK |
||
| 999 |
_c13021 _d13021 |
||